| 000 | 00590nam a2200193 4500 | ||
|---|---|---|---|
| 001 | 108832 | ||
| 003 | ES-MaACL | ||
| 005 | 20230906184722.0 | ||
| 007 | t| | ||
| 008 | 061121s1966 sp r ||||1| cat d | ||
| 100 | 1 |
_aMoussa, Pierre. _983917 |
|
| 245 | 1 | 4 |
_aEls Estats Units i les nacions proletaries / _cPierre Moussa; versió catalana de Montserrat Manent. |
| 250 | _a1ª. ed. | ||
| 260 |
_aBarcelona : _bNova Terra, _c1966. |
||
| 300 |
_a113 p. ; _c17 cm. |
||
| 700 | 1 |
_aManent, Montserrat. _975977 |
|
| 852 |
_aES-MaACL _jC-31198 _bR.70282 |
||
| 852 |
_aES-MaACL _jC-31197 _bR.70281 |
||
| 999 |
_c108832 _d108832 |
||